Storia d'Italia #1. I mil. a.C. - Statistics

Statistiche generali
  • Questo quiz è stato fatto 157 volte
  • Il punteggio medio è 13 su 20
Statistiche sulle risposte
Domanda Risposta % Corretto
Nome del semi-leggendario fondatore e primo re della città di Roma Romolo
98%
Fiume lungo il cui basso corso è collocata Roma Tevere
98%
Lingua parlata dai Romani, e da questi esportata in Italia e in tutto il bacino del Mediterraneo; da essa derivano l'italiano e buona parte delle lingue regionali italiane Latino
94%
Il popolo che a partire dal IX sec. a.C. diede vita a una raffinata civiltà, tra le attuali regioni della Toscana, del Lazio, dell'Umbria e dell'Emilia Romagna Etruschi
93%
In questo modo veniva chiamata l'Italia meridionale, a causa del grande numero di colonie greche fondate sulle sue coste a partire dall'VIII sec. a.C. Magna Grecia
91%
A cavallo tra II e I millennio a.C. fiorì in quest'isola la civiltà nuragica Sardegna
89%
Grande generale cartaginese che invase l'Italia attraversando le Alpi e mettendo a rischio la sopravvivenza di Roma Annibale
87%
Condottiero romano, tra i personaggi più influenti della Storia, che conquistò la Gallia e sconfisse il partito pompeiano, ponendo le basi per la trasformazione della Repubblica romana in impero Gaio Giulio Cesare
81%
Data in cui viene tradizionalmente collocata la fondazione della città di Roma 753 a.C.
80%
Popoli originari dell'Europa centrale che si stabilirono anche nell'Italia centro-settentrionale Galli
72%
Famiglia dei generali romani che inflissero le maggiori e definitive sconfitte a Cartagine Scipioni
70%
Potente città-stato greca che combatté Atene e Roma. Diede i natali ad Archimede Siracusa
62%
Con la sottomissione di questo paese nel 30 a.C., Roma ottenne il dominio incontrastato di tutto il bacino del Mediterraneo Egitto
59%
Membro del terzo triumvirato assieme a Ottaviano e Lepido, grande generale durante la conquista della Gallia e le guerre civili Marco Antonio
54%
Bellicoso popolo dell'Italia centrale con cui i Romani combatterono tre guerre tra IV e III sec. a.C. Sanniti
46%
Città-stato greca con cui Roma si scontrò per il dominio dell'Italia meridionale, dando il via alle guerre pirriche Taranto
39%
Data in cui venne istituita la Repubblica a Roma, in seguito alla cacciata dell'ultimo sovrano Tarquinio il Superbo 509 a.C.
36%
Anno della distruzione di Cartagine da parte delle truppe romane 146 a.C.
27%
Popolo germanico che alla fine del II sec. a.C. invase i territori romani assieme a Teutoni e Ambroni, riuscendo a giungere in Italia prima di venire sconfitto Cimbri
25%
Durante questo sanguinoso conflitto tra Roma e i popoli italici suoi ex alleati, compare per la prima volta nel conio di alcune monete il nome "Italia" Guerra sociale
19%
Nessun quiz corrispondente trovato
Distribuzione punteggi
Percentuale di utenti per punteggio
Percentile per numero di risposta
I tuoi punteggi nel tempo
Non hai fatto questo quiz